000 00300nam a22001337a 4500
008 171011b xxu||||| |||| 00| 0 eng d
020 _a053450471-X
041 _aeng
080 _a316
100 _a50
101 _aSOC
245 _aTHE PRACTICE OF SOCIAL RESEARCH
_cJENDREK,M.P
942 _2udc
_cBK
999 _c33106
_d33106